000 00600nam a2200229Ia 4500
003 OSt
005 20221007075636.0
006 a|||||r|||| 00| 0
007 ta
008 221006b |||||||| |||| 00| 0 eng d
024 _a43,108
037 _cTextual
040 _aFLL
_cFLL
_beng
041 _2eng
_aeng
082 _aY:444:(Z2), Q5
100 _aJoshi Geeta
_9543233
245 0 _aThe vortex of corruption
260 _aNew Delhi
_bMohan law house India
_c2015
300 _a155 xv
_ccm.
942 _hY:444:(Z2), Q5
_cTEXL
_2CC
999 _c1156842
_d1156842